Los métodos de investigación en las ciencias sociales /

Este libro ofrece un tratamiento detallado de las técnicas de observación y del análisis cuantitativo de materiales cualitativos, así como de problemas específicos de la investigación socio-psicológica y de los métodos relación con otros métodos de investigación. Se habla de contextos de investigaci...

وصف كامل

محفوظ في:
التفاصيل البيبلوغرافية
المؤلف الرئيسي: Festinger, Leon (comp.)
التنسيق: كتاب
اللغة:الإسبانية
منشور في: Buenos Aires, Argentina : Paidós, 1979
الطبعة:3a edición
سلاسل:(Psicología Social y Sociología)
الموضوعات:
الوسوم: إضافة وسم
لا توجد وسوم, كن أول من يضع وسما على هذه التسجيلة!

MARC

LEADER 00000nam^a2200000^a^4500
001 000001042
005 20250521000000.0
009 20260310083052.46
037 |a Acervo ITESO - Biblioteca 
041 |a ESP 
082 |a 300.  |b FES 
100 |a Festinger, Leon  |e (comp.) 
245 1 4 |a Los métodos de investigación en las ciencias sociales /  |c L. Festinger; et. al.; tr. por: Eduardo Masullo. 
250 |a 3a edición 
264 1 |a Buenos Aires, Argentina :  |b Paidós,  |c 1979 
300 |a 590 p. 
336 |a texto  |b txt  |2 rdacontenido 
337 |a sin mediación  |b n  |2 rdamedio 
338 |a volumen  |b nc  |2 rdasoporte 
440 1 |a (Psicología Social y Sociología) 
500 |a Traducción de: Research Methods in the Behavioral Sciences 
520 |a Este libro ofrece un tratamiento detallado de las técnicas de observación y del análisis cuantitativo de materiales cualitativos, así como de problemas específicos de la investigación socio-psicológica y de los métodos relación con otros métodos de investigación. Se habla de contextos de investigación, procedimientos de muestreo, métodos de reunión de datos, análisis de datos y aplicación de los resultados de la investigación científica. 
649 |a XX 
650 |a Metodología 
650 |a Investigación 
650 |a Sociología 
650 |a Ciencias Sociales 
910 |a Fondo General 
920 |a Impresos - Libros 
930 |a Colección General 
905 |a 101 
901 |a 0010420100  |b IT1  |c ACC  |i 001042  |u 20250521 
902 |a https://opac.biblio.iteso.mx/vufind/Record/000001042